Identifikácia parametrov nelineárnych modelov

Saved in:
Bibliographic Details
Main Author: Tomáškin, Adam (Author)
Other Authors: Ernek, Martin (Thesis advisor)
Format: Manuscript Book
Language:Slovak
Published: Bratislava : STU v Bratislave FEI, 2025
Subjects:
Online Access:https://opac.crzp.sk/?fn=detailBiblioFormChildIA9NG&sid=BA75C2D62745AD5727EE939ED92F&seo=CRZP-detail-kniha
Tags: Add Tag
No Tags, Be the first to tag this record!

MARC

LEADER 00000ntm a22000003a 4500
001 stuzp101990
003 SK-STU
005 20260210124845.2
007 ta
008 150427s2015----xo-----f-mn---000-0-slo-d
040 |a STU  |b slo 
041 0 |a slo 
044 |a xo 
100 1 |a Tomáškin, Adam  |u 031000  |4 aut  |U FEI Fakulta elektrotechniky a informatiky  |T FEI Ústav robotiky a kybernetiky  |X 115462  |U E011  |Y 356  |7 115462 
242 0 1 |a Identification of Parameters of Nonlinear Models  |y eng 
245 1 0 |a Identifikácia parametrov nelineárnych modelov 
260 |a Bratislava :  |b STU v Bratislave FEI,  |c 2025 
300 |a 51 s. 
650 4 |a Simulink  |2 slo 
650 4 |a PLC  |2 slo 
650 4 |a MATLAB  |2 slo 
650 4 |a Identifikácia parametrov  |2 slo 
650 4 |a Optimalizácia  |2 slo 
650 4 |a Parameter Estimation  |2 slo 
650 4 |a Dynamický systém  |2 slo 
650 4 |a Jednosmerný motor  |2 slo 
650 4 |a PLC  |2 eng 
650 4 |a MATLAB  |2 eng 
650 4 |a Parameter Estimation  |2 eng 
650 4 |a Dynamic system  |2 eng 
650 4 |a DC motor  |2 eng 
650 4 |a Optimization  |2 eng 
650 4 |a Simulink  |2 eng 
650 4 |a Parameter identification  |2 eng 
700 1 |a Ernek, Martin  |u 031000  |k Z1  |4 ths  |U FEI Fakulta elektrotechniky a informatiky  |T FEI Ústav robotiky a kybernetiky  |X 11034  |U E011  |Y 356  |7 A000011034 
856 4 |u https://opac.crzp.sk/?fn=detailBiblioFormChildIA9NG&sid=BA75C2D62745AD5727EE939ED92F&seo=CRZP-detail-kniha